000 00606nam a2200217Ia 4500
005 20230712092254.0
008 131103s9999 xx 000 0 und d
040 _aLoreto College
041 _aEnglish
082 _a973
_bKRO
100 _aKrout,John A.
245 _aUnited States to 1865
_cJohn A.Krout
250 _a5th ed.
260 _aNew York
_bBarnes & Noble
_c1955 (1960 printing)
300 _axii,212 p.
_b ill.,maps
440 _aCollege Outline Series
504 _aIncludes bibliographical references and index
650 _aUnited States - History
850 _aLCLIB
942 _cBK
999 _c7749
_d58228